| 000 | 00630nam a2200205Ia 4500 | ||
|---|---|---|---|
| 005 | 20250508160737.0 | ||
| 008 | 008 250505s9999 xx 000 0 eng d | ||
| 037 | _aTextual | ||
| 040 |
_aFEDL _beng _cFEDL |
||
| 041 |
_aeng _2eng |
||
| 084 |
_a370.15, GNA _qFEDL |
||
| 100 |
_aGnagey William J. _9766306 |
||
| 245 | 0 | _aLearning environments : Readings in educational psychology | |
| 260 |
_aNew York, USA _bHolt, Rinehart and Winston _c1972 |
||
| 300 | _axiv,401p. | ||
| 650 | _aEducation-Psychology | ||
| 700 |
_a Chesebro Patricia A. _9769260 |
||
| 942 |
_cTEXL _h370.15, GNA |
||
| 999 |
_c1366364 _d1366364 |
||